| 000 | 00616nam a22002297a 4500 | ||
|---|---|---|---|
| 001 | 00028910 | ||
| 005 | 20260425110452.0 | ||
| 008 | 260425b ag ||||| |||| 00| 0 spa d | ||
| 020 | _a8441302359 | ||
| 040 |
_aAR-CcCEOS _bspa _cAR-CcCEOS |
||
| 041 | _aspa | ||
| 080 | _a940.1:7 | ||
| 090 | _bFRE v.1 | ||
| 100 | 1 |
_aFremantle, Anne, _d1909-2002 _91134 |
|
| 245 |
_aLa edad de la fe : _bVolumen I / _cAnne Fremantle |
||
| 264 |
_aBarcelona : _bFolio. _c1996. |
||
| 300 |
_a95 p. ; _c24x18 cm. |
||
| 490 | _vAtlas culturales del mundo | ||
| 650 | 0 |
_ahistoria _990 |
|
| 655 | 0 |
_aarte _9138 |
|
| 942 |
_2udc _cBK _n0 |
||
| 999 |
_c28962 _d28962 |
||